000 00270nam a22001217a 4500
041 _aENG
100 _aBhatia.K.B
245 _aPractical A.C.And D.C. Motor Winding
260 _aDelhi
_bStandard Pub
_c1998
300 _a124
650 _aEOES
856 _uEOES ( 14 )
999 _c1114
_d1114